书目信息 |
| 题名: |
实用育儿百科
|
|
| 作者: | 陈帼眉 主编 ;周俐君 分册主编 | |
| 分册: | 第四分册 2-4岁 | |
| 出版信息: | 北京 中国农业出版社 1995 |
|
| 页数: | 287页 | |
| 开本: | 20cm | |
| 丛书名: | ||
| 单 册: | ||
| 中图分类: | R174 | |
| 科图分类: | 61.271 | |
| 主题词: | 保健-婴幼儿 , 优生学--基本知识 , 婴幼儿-保健 , 围产期--基本知识 | |
| 电子资源: | ||
| ISBN: | 7-109-04098-4 | |
| 000 | 00956nam0 2200313 45 | |
| 001 | 0196029984 | |
| 005 | 20070712152955.98 | |
| 010 | @a7-109-04098-4@dCNY16.00 | |
| 100 | @a19960730d1995 em y0chiy0121 ea | |
| 101 | 0 | @achi |
| 102 | @aCN@b110000 | |
| 105 | @ay z 000yy | |
| 200 | 10 | @a实用育儿百科@ASHI YONG YU ER BAI KE@h第四分册@i2-4岁@I2-4 SUI@f陈帼眉主编@FCHEN GUO MEI ZHU BIAN@g周俐君分册主编 |
| 205 | @a2版[修订本] | |
| 210 | @a北京@c中国农业出版社@d1995 | |
| 215 | @a287页@d20cm | |
| 304 | @a陈帼眉(1931~ ),女,北京师范大学教授,博士生导师,中华全国家庭教育学会副会长 | |
| 517 | 1 | @a育儿百科@AYU ER BAI KE |
| 540 | 1 | @a育儿@AYU ER |
| 606 | @a保健-婴幼儿 | |
| 606 | @a优生学@x基本知识 | |
| 606 | @a婴幼儿-保健 | |
| 606 | @a围产期@x基本知识 | |
| 690 | @aR174 | |
| 692 | @a61.271 | |
| 701 | 0 | @a陈帼眉@ACHEN GUO MEI@4主编 |
| 702 | 0 | @a周俐君@AZHOU LI JUN@4分册主编 |
| 801 | 0 | @aCN@bTSSF@c20070712 |
| 905 | @a10447@dR174@e160:4=2 | |
| 实用育儿百科.第四分册.2-4岁/陈帼眉主编/周俐君分册主编.-2版[修订本].-北京:中国农业出版社,1995 |
| 287页;20cm |
| ISBN 7-109-04098-4:CNY16.00 |
| ● |
| 相关链接 |
|
|
|
|
正题名:实用育儿百科
索取号:R174/160:4=2
 
预约/预借
| 序号 | 登录号 | 条形码 | 馆藏地/架位号 | 状态 | 备注 |
| 1 | 0765149 | 207651496 | 第二样本阅览室/ [索取号:R174/160:4=2] | 在馆 |